[Event "Regionalliga NW 0304"]
[Site "Bayern"]
[Date "2004.01.18"]
[Round "5.7"]
[White "Lutz, Martin"]
[Black "Suess, Mirco"]
[Result "1/2-1/2"]
[WhiteElo "1928"]
[BlackElo "1827"]
[PlyCount "79"]
[EventDate "2003.10.12"]
[EventType "team-tourn"]
[EventRounds "9"]
[EventCountry "GER"]
[SourceTitle "EXT 2006"]
[Source "ChessBase"]
[SourceDate "2005.11.24"]
[SourceVersion "1"]
[SourceVersionDate "2005.11.24"]
[SourceQuality "1"]
[WhiteTeam "Kulmbach"]
[BlackTeam "Klingenberg"]
[WhiteTeamCountry "GER"]
[BlackTeamCountry "GER"]

1. e4 e6 2. d4 d5 3. Nc3 Bb4 4. Nge2 b6 5. a3 Bxc3+ 6. Nxc3 Ne7 7. e5 Qd7 8. Bd3 Ba6 9. Bxa6 Nxa6 10. Qd3 Nb8 11. 0-0 a6 12. Ne2 c5 13. c3 Nbc6 14. b4 0-0 15. f4 Qa7 16. g4 cxd4 17. cxd4 f5 18. h3 Rac8 19. Be3 Rc7 20. Rac1 Rfc8 21. Ng3 g6 22. g5 Qb7 23. h4 Na7 24. Rxc7 Rxc7 25. h5 Qc8 26. Bd2 Rc2 27. hxg6 hxg6 28. Qe3 Qc4 29. Ne2 Nec6 30. Rc1 Nb5 31. Rxc2 Qxc2 32. Kf2 Qc4 33. a4 Nbxd4 34. b5 axb5 35. axb5 Nc2 36. Qxb6 N6d4 37. Qd8+ Kf7 38. Qd7+ Kf8 39. Qd8+ Kf7 40. Qd7+ 1/2-1/2